00483 2200169 4500001002100000008004100021035002000062245006300082100002000145260005100165300001200216020002200228084001400250082000800264650002300272990001800295INLIS000000000000990 ind  a0010-0724000990 aMATEMATIKA KREATIFbKonsep dan TerapannyacPonco Sujatmiko aPonco Sujatmiko aSolobPT.TIGA SERANGAKAI PUSTAKA MANDIRIc2007 a228 hlm a978-979-018-402-2 a519 SUJ m a519 aMatematika Terapan aP29/CP/24/990